¡ Más despacio!: relaje el ritmo de su vida para hacerla más rica y eficaz (Registro nro. 6356)
[ vista simple ]
| 000 -Cabecera | |
|---|---|
| Campo de control de longitud fija | 00597aam a2200217 4500 |
| 005 - Fecha y hora de la última transacción | |
| Campo de control | 20231010111622.0 |
| 008 - Elementos de longitud fija--Información general | |
| Campo de control de longitud fija | 150703b xxu||||| |||| 00| 0 spa d |
| 041 ## - Idioma | |
| Código de idioma | |
| 082 ## - Clasificación Decimal Dewey | |
| Número de clasificación | 155.23 C278m |
| 100 ## - Entrada principal--Autor personal | |
| Nombre personal | Carlson, Richard |
| 9 (RLIN) | 22734 |
| 100 ## - Entrada principal--Autor personal | |
| Nombre personal | Bailey, Joseph |
| 9 (RLIN) | 37169 |
| 245 ## - Título propiamente dicho | |
| Título | ¡ Más despacio!: relaje el ritmo de su vida para hacerla más rica y eficaz |
| 260 ## - Pie de imprenta | |
| Lugar de publicación, distribución, etc. | España |
| 260 ## - Pie de imprenta | |
| Nombre del editor, distribuidor, etc. | Debolsillo |
| 260 ## - Pie de imprenta | |
| Fecha de publicación, distribución, etc. | 2003 |
| 300 ## - Descripción física | |
| Extensión | 237 páginas |
| 650 ## - Materia general | |
| Temática (materia general) | SUPERACIÓN PERSONAL |
| 650 ## - Materia general | |
| Temática (materia general) | AUTOESTIMA |
| 650 ## - Materia general | |
| Temática (materia general) | AUTOAYUDA |
| 942 ## - Punto de acceso adicional KOHA | |
| Tipo de ítem KOHA | Literatura |
| Fuente del sistema de clasificación o colocación | Dewey Decimal Classification |
| Signatura completa | Código de barras | Tipo de ítem |
|---|---|---|
| 155.23 C278m | 5747 | Literatura |